00579nam a2200193Ia 450000500170000000800410001702000150005808200130007310000250008624500510011125000090016226000460017130000170021765000080023465000270024294200060026995200950027599900150037020240605064814.0240331s9999 xx 000 0 und d a955552016x bPONa346 aPonnambalam, Shirani 0aLaw and the marriage relationship in Sri Lanka a2 nd aColombobLake House Investments Ltdc1987 axv, 482 p ., aLaw amarriage Relationship cL 001040708LaWERCLbWERCLcSSCd2024-03-31l0o 346 PONp1082r2024-03-31w2024-03-31yL c2831d2831